Basic of Emergency Medicine management of chest pain in the ED /
Elmentve itt :
| Szerző: | |
|---|---|
| Dokumentumtípus: | Könyv |
| Megjelent: |
2015
|
| Kulcsszavak: | sürgősségi betegellátás |
| Tárgyszavak: | |
| Online Access: | http://eta.bibl.u-szeged.hu/1008 |
| LEADER | 00766nnm a2200229 i 4500 | ||
|---|---|---|---|
| 001 | eta1008 | ||
| 005 | 20190411151133.0 | ||
| 008 | 181121s2015 hu o 0|| eng d | ||
| 040 | |a SZTE Elektronikus Tananyag Archívum |b hun | ||
| 041 | |a eng | ||
| 100 | 1 | |a Rudas László | |
| 245 | 1 | 0 | |a Basic of Emergency Medicine |h [elektronikus dokumentum] : |b management of chest pain in the ED / |c Rudas László |
| 260 | |c 2015 | ||
| 300 | |a 22 | ||
| 516 | |a Book | ||
| 650 | 4 | |a Orvos- és egészségtudomány | |
| 650 | 4 | |a Klinikai orvostan | |
| 650 | 4 | |a Intenzív és sürgősségi ellátás | |
| 650 | 4 | |a Sürgősségi ellátás | |
| 695 | |a sürgősségi | ||
| 695 | |a betegellátás | ||
| 856 | 4 | 0 | |u https://eta.bibl.u-szeged.hu/1008/1/management_of_chest_pain.pdf |z Dokumentum-elérés |